000 00283nam a2200109 a 4500
008 101214s1958|||| d
245 1 0 _aSlovenské spevy pre mužské, ženské a miešané sbory
260 _bSVKL
_aBratislava
_c1958
020 _c22
041 _aslo
044 _axo
_cSK
999 _c15232
_d15232